000 00821nam a2200241 a 4500
001 000025858
005 20250701132841.0
008 110217s1977 mx r 000 | spa d
040 _aDO-SdBNP
_bspa
_cBNPHU
082 _a338.9
_bB565p
100 1 _aBettelheim, Charles,
_d1913-2006
_947075
245 1 0 _aPlanificación y crecimiento acelerado /
_cCharles Bettelheim ; traducción Ramón Ramírez Gómez.
260 _aMéxico, D. F. :
_bFondo de Cultura Económica,
_c1977.
300 _a242 p. ;
_c21 cm.
490 1 _aObras de Economía
504 _aBibligrafía : p. 235-242
650 0 _aDesarrollo económico
_985548
650 0 _aPolítica económica
_984931
650 4 _aTeoría política
_933301
700 1 _aRamírez Gómez, Ramón,
_etr.
_947076
830 0 _aObras de Economía
_947014
049 _aBNGR
999 _c25350
_d25350